| 000 | 02768cam a2200385 i 4500 | ||
|---|---|---|---|
| 001 | on1419080582 | ||
| 003 | OCoLC | ||
| 005 | 20251120175449.0 | ||
| 008 | 240117t20242024nyua e 000 f eng | ||
| 010 | _a 2024001958 | ||
| 020 |
_a9780241435021 _qpaperback |
||
| 035 |
_a(OCoLC)1419080582 _z(OCoLC)1411031486 _z(OCoLC)1451414362 |
||
| 040 |
_aDLC _beng _erda _cDLC _dOCLCO _dAUNTL _dOCLCO _dOCO _dYDX _dBDX _dLMJ _dAZH _dZVR _dGK8 _dAUPTL _dZAE _dIUK _dOCLCO _dYDX _dJTH _dYU6 _dDEERP _dGSU _dAUM _dSFB _dYUS |
||
| 042 | _apcc | ||
| 043 | _aaw----- | ||
| 050 | 0 | 0 |
_aPS3619.H328 _bT45 2024 |
| 100 |
_aShafak, Elif _d1971- _eauthor. _914199 |
||
| 245 | 1 | 0 |
_aThere are rivers in the sky _b: a novel _c/ Elif Shafak. |
| 250 | _aFirst American edition. | ||
| 264 | 1 |
_aNew York : _bAlfred A. Knopf, _c2024. |
|
| 264 | 4 | _c©2024 | |
| 300 |
_a443 pages : _billustrations ; _c25 cm |
||
| 500 | _a"This is a Borzoi book." -- title page verso. | ||
| 520 |
_a"This is the story of one lost poem, two great rivers, and three remarkable lives -- all connected by a single drop of water. In the ruins of Nineveh, that ancient city of Mesopotamia, there lies hidden in the sand fragments of a long-forgotten poem, the Epic of Gilgamesh. In Victorian London, an extraordinary child is born at the edge of the dirt-black Thames. Arthur's only chance of escaping poverty is his brilliant memory. When his gift earns him a spot as an apprentice at a printing press, Arthur's world opens up far beyond the slums, with one book soon sending him across the seas: Nineveh and Its Remains. In 2014 Turkey, Narin, a Yazidi girl living by the River Tigris, waits to be baptised with water brought from the holy city of Lalish in Iraq. The ceremony is cruelly interrupted, and soon Narin and her grandmother must journey across war-torn lands in the hope of reaching the sacred valley of their people. In 2018 London, broken-hearted Zaleekhah, a hydrologist, moves to a houseboat on the Thames to escape the wreckage of her marriage. Zaleekhah foresees a life drained of all love and meaning -- until an unexpected connection to her homeland changes everything. A dazzling feat of storytelling from one of the greatest writers of our time, Elif Shafak's There are Rivers in the Sky is a rich, sweeping novel that spans centuries, continents and cultures, entwined by rivers, rains, and waterdrops." -- _cPublisher's description. |
||
| 650 | 0 |
_aApprentices _vFiction. |
|
| 650 | 0 |
_aVoyages and travels _vFiction. |
|
| 650 | 0 |
_aRain and rainfall _vFiction. |
|
| 650 | 0 |
_aHydrologists _vFiction. |
|
| 650 | 0 |
_aRivers _vFiction. |
|
| 651 | 0 |
_aMiddle East _vFiction. |
|
| 651 | 0 |
_aNineveh (Extinct city) _vFiction. |
|
| 655 | 0 |
_aHistorical fiction _922722 |
|
| 655 | 0 |
_aEpic fiction. _924866 |
|
| 942 | _2lcc | ||
| 999 |
_c4521 _d4521 |
||